000 00297nam a22001337a 4500
008 170303b xxu||||| |||| 00| 0 eng d
020 _a9780766802056
041 _aeng
080 _22ND
_a616.073
100 _a6
101 _aSHM
245 _aLIMITED RADIOGRAPHY
_cCAMPEAU, F.E
942 _2udc
_cBK
999 _c6672
_d6672